| 000 | 00406cam a2200157ua 4500 | ||
|---|---|---|---|
| 041 |
_aeng _h |
||
| 082 |
_a501 _bBUT/OR |
||
| 100 | _aButterfield, H . | ||
| 245 |
_aOrigins of modern science / _cH Butterfield. _hTextual Documents |
||
| 250 |
_a1 / _b. |
||
| 260 |
_aMelbourne,London : _bMacMillan and Company Limited , _c1961. |
||
| 300 | _a241 ; . | ||
| 504 | _a | ||
| 942 | _cBK | ||
| 999 |
_c8618 _d8618 |
||